书目信息 |
| 题名: |
科学年鉴
|
|
| 作者: | 泽伦尼 主编 | |
| 分册: | 1987 | |
| 出版信息: | 北京 科学出版社 1988.10 |
|
| 页数: | 199页 | |
| 开本: | 26cm | |
| 丛书名: | ||
| 单 册: | ||
| 中图分类: | N54 | |
| 科图分类: | ||
| 主题词: | 自然科学--年鉴 , 自然科学--年刊 | |
| 电子资源: | ||
| ISBN: | ||
| 000 | 00555nam0 2200193 45 | |
| 001 | 0312221749 | |
| 005 | 20051114094837.14 | |
| 010 | @dCNY4.90 | |
| 100 | @a20031222d1988 km y0chiy0120 ea | |
| 101 | @achi | |
| 200 | 1 | @a科学年鉴@Ake xue nian jian@h1987@f(美)罗伯特O.泽伦尼主编@F(mei)luo bo te O.ze lun ni zhu bian |
| 210 | @a北京@c科学出版社@d1988.10 | |
| 215 | @a199页@d26cm | |
| 606 | 0 | @a自然科学@x年鉴 |
| 606 | 0 | @a自然科学@x年刊 |
| 690 | @aN54@v3 | |
| 701 | 0 | @a泽伦尼@Aze lun ni@4主编 |
| 801 | @aCN@bTSTCL@c20051114 | |
| 905 | @a213230@dN54@e120:1987 | |
| 科学年鉴.1987/(美)罗伯特O.泽伦尼主编.-北京:科学出版社,1988.10 |
| 199页;26cm |
| ISBN :CNY4.90 |
| ● |
| 相关链接 |
|
|
|
|
正题名:科学年鉴
索取号:N54/120:1987
 
预约/预借
| 序号 | 登录号 | 条形码 | 馆藏地/架位号 | 状态 | 备注 |
| 1 | 0216503 | 001201452 | 第二样本阅览室/ [索取号:N54/120:1987] | 在馆 | |
| 2 | 0216504 | 202143590 | 密集书库/ [索取号:N54/120:1987] | 在馆 |